Online journal für Informationsverarbeitung

Saved in:
Bibliographic Details
Format: Serial
Language:German
Published: Köln Müller 1982
Tags: Add Tag
No Tags, Be the first to tag this record!

MARC

LEADER 00000nas2a22000001 4500
001 s123397
005 20250730114218.8
041 0 |a ger 
044 |a DE 
245 1 0 |a Online  |b journal für Informationsverarbeitung 
264 1 |a Köln  |b Müller  |c 1982 
300 |a 1 zv. 
773 0 |w eu_un_cat*s120987